ENVIRONMENTAL toxicology

Salvato in:
Dettagli Bibliografici
Autore principale: M. Satake
Natura: Libro
Lingua:inglese
Pubblicazione: Discovery Publishing House 2001
Tags: Aggiungi Tag
Nessun Tag, puoi essere il primo ad aggiungerne!!

MARC

LEADER 00000nam a2200000 4500
008 210119b ||||| |||| 00| 0 eng d
020 |a : 978-81-7141-350-1 
100 |a M. Satake 
245 |a ENVIRONMENTAL toxicology  |c Satake, M. 
260 |b Discovery Publishing House  |c 2001  |h New Delhi:  |i 691600 – Sci., 691601   |l QH545 .A1En8 
942 |a lcc  |c BK  |e Mr ogunleye 
999 |c 638  |d 638